00522nam a2200157Ia 4500008004100000020001800041041000800059082001800067100001700085245002600102250000600128260006500134300001200199999001900211952013400230210716s2015 xx 000 0 und d a9789351104346 aeng a005.1372 MONS aMonk, Simon. aRaspberry Pi cookbook a1 aNew DelhibShroff Publishers and Distributors Pvt Ltdc2015 axiv,393 c195419d195419 001040708MCAaAIMITbAIMITeShroff Publishersg750.00l0o005.1372 MONSpMCA14928r2026-05-23 00:00:00v562.50w2021-07-16yBK